000 00268nam a22001097a 4500
082 _a621.381 SAN'P
100 _aSANDLS, LES G
_977326
245 _aPOWER SUPPLIES FOR ELECTRONIC EQUIMENT
260 _aBOMBAY
_bD. B. TARAPOREVALA
_c1967
300 _a187P
942 _cBK
999 _c582615
_d582615